000 00331nam a2200145Ia 4500
008 210210b1913 xxu||||| |||| 00| 0 eng d
041 _aeng
082 _a823/69
100 _aSHAKESPEARE (William)
245 _aHamlet
260 _aLondon
_bJohn Murray
_c1913
650 _aHamlet
690 _aEnglish Drama
906 _a013621
999 _c132633
_d132633